ბათუმის შოთა რუსთაველის სახელმწიფო უნივერსიტეტის ბიბლიოთეკა

ნიკოლოზ ბარათაშვილი : (ბიბ.ჩანაწერი № 57574)

000 -ლიდერი
ფიქსირებული სიგრძის საკონტროლო ველი 01935nam a22002537a 4500
003 - საკონტროლო ნომრის იდენტიფიკატორი
საკონტროლო ველი Ge_BSU
005 - ბოლო ოპერაციის თარიღი და დრო
საკონტროლო ველი 20200806123254.0
008 - ფიქსირებული სიგრძის მონაცემთა ელემენტები - ზოგადი ინფორმაცია
ფიქსირებული სიგრძის საკონტროლო ველი 200806s2019 ge ||||| |||| 00| 0 geo d
020 ## - წიგნის საერთაშორისო სტანდარტული ნომერი
International Standard Book Number 9789941138713
041 ## - ენის კოდი
Language code of text/sound track or separate title geo
080 ## - უნივერსალური ათობითი კლასიფიკაციის ინდექსი
Universal Decimal Classification number 821.353.1(092ბარათაშვილი) შ-24
100 ## - მთავარი ჩანაწერი - პიროვნების სახელი
Personal name შარაბიძე, თამარ
9 (RLIN) 5772
245 ## - ცნობა სათაურის შესახებ
Title ნიკოლოზ ბარათაშვილი :
Remainder of title (12 ბიოგრაფია) : დამხმარე სახელმძღვანელო /
Statement of responsibility, etc თამარ შარაბიძე ; რედაქტორი ინგა სანიკიძე ; გარეკანის დიზაინერი მარიამ ებრალიძე ; ივანე ჯავახიშვილის სახ. თბილისის სახელმწ. უნივერსიტეტი.
264 ## - წარმოების, გამოცემის, დისტრიბუციის და სხვა ცნობები
გამოცემის, წარმოების, დისტრიბუციის... ადგილი თბილისი :
გამოცემის, წარმოების, დისტრიბუციის... სახელწოდება თბილისის უნივერსიტეტის გამომცემლობა,
გამოცემის, წარმოების, დისტრიბუციის... თარიღი 2019.
300 ## - ფიზიკური აღწერა
Extent 314 გვ. ;
Other physical details 20 სმ.
500 ## - ზოგადი შენიშვნა
General note გარეკანზე: ლევან ჭოღოშვილის ნახატი.
501 ## - შენიშვნა თანმხლებ მასალაზე
With note წინასიტყვაობა და ბოლოსიტყვაობა ქართულ და ინგლისურ ენებზე.
504 ## - BIBLIOGRAPHY, ETC. NOTE
Bibliography, etc ბიბლიოგრაფია: გვ. 307-313.
653 ## - INDEX TERM--UNCONTROLLED
Uncontrolled term ბარათაშვილი, ნიკოლოზ, 1817-1844.
700 ## - ADDED ENTRY--PERSONAL NAME
Personal name სანიკიძე, ინგა
Relator term რედაქტორი
9 (RLIN) 9112
700 ## - ADDED ENTRY--PERSONAL NAME
Personal name ებრალიძე, მარიამ
Relator term გარეკანის დიზაინერი
9 (RLIN) 9113
710 ## - ADDED ENTRY--CORPORATE NAME
Corporate name or jurisdiction name as entry element ივანე ჯავახიშვილის სახ. თბილისის სახელმწ. უნივერსიტეტი.
9 (RLIN) 9114
942 ## - ADDED ENTRY ELEMENTS (KOHA)
Source of classification or shelving scheme
Koha item type წიგნი
ეგზემპლარები
ჩამოწერის სტატუსი დაკარგული ეგზემპლარის სტატუსი კლასიფიკაციის წყარო ან თაროზე გაწყობის სქემა დაზიანების სტატუსი არ გაიცემა მუდმივი მდებარეობა (დაცვის ადგილი) ამჟამინდელი ადგილსამყოფელი თაროზე განთავსების ადგილი შეძენის თარიღი ღირებულება, შესყიდვის ნორმალური ფასი სრული შენახვის შიფრი შტრიხკოდი ბოლო ოპერაციის თარიღი ეგზემპლარის მიმდევრობითი ნომერი (კეტერი?) ფასის ძალაში შესვლის თარიღი ეგზემპლარის სახეობა საჯარო შენიშვნა
          ბათუმის შოთა რუსთაველის სახელმწიფო უნივერსიტეტის მთავარი ბიბლიოთეკა ბათუმის შოთა რუსთაველის სახელმწიფო უნივერსიტეტის მთავარი ბიბლიოთეკა წიგნსაცავი 2020-08-06 5.00 821.353.1(092ბარათაშვილი) შ-24 60771 2020-08-06 60771 2020-08-06 წიგნი 5 ლ.